000 00778nam a22002411c 4500
001 873556771
008 191118s2017 gw a||| 000u ger d
020 _a9783871340703
_9978-3-87134-070-3
041 _ager
100 1 _aBorchmeyer, Dieter
245 0 0 _aWas ist deutsch? :
_bdie Suche einer Nation nach sich selbst /
_cDieter Borchmeyer
264 _aBerlin :
_bRowohlt,
_c2017
300 _a1055 Seiten : Illustrationen
650 0 _aNationalbewusstsein
650 0 _aIdentität
650 0 _aNationalcharakter
650 0 _aIdeengeschichte
651 0 _aDeutschland
856 4 _uhttp://deposit.d-nb.de/cgi-bin/dokserv?id=c06f6b5e80d04ee4a55b1eb8bf596a7d&prov=M&dok_var=1&dok_ext=htm
_zInhaltstext
942 _cMG
040 _cRU-10907106
003 RU-10907106
999 _c11192
_d11192